| 000 | 00000nam##2200000za#4500 |
| 001 | 9.642989 |
| 003 | CaOODSP |
| 005 | 20210624223949 |
| 007 | cr ||||||||||| |
| 008 | 150407|1998||||xxc|||||o f|0| 0 fre|d |
| 040 | |aCaOODSP|bfre |
| 043 | |an-cn--- |
| 086 | 1 |aF1-23/1998-6F-PDF |
| 110 | 1 |aCanada. |bMinistère des finances. |
| 245 | 10|aInformation, Budget de 1998 |h[ressource électronique] |
| 260 | |aOttawa - Ontario : |bFinances Canada |cc1998. |
| 300 | |a22p.|bgraphiques |
| 500 | |aLe nº de cat. (F1-23/1998-6F) et l'ISBN (0-662-82670-1) de l'édition imprimée ont été incorrectement copiés dans l'édition PDF. |
| 590 | |a14-06-Supp|b2014-03-21 |
| 775 | 08|tInformation, Budget 1998 |w(CaOODSP)9.699020 |
| 856 | 40|ahttp://publications.gc.ca|qPDF|s145 Ko|uhttps://publications.gc.ca/collections/Collection-R/Finance/Budget98/factf.pdf |